000 01518nam a2200397 a 4500
001 ebr10245750
003 CaPaEBR
006 m u
007 cr cn|||||||||
008 060828s2007 txuab sb s001 0deng
010 _z 2006028298
015 _aGBA709767
_2bnb
016 7 _z013660581
_2Uk
020 _z9780292716544 (cloth : alk. paper)
020 _z0292716540 (cloth : alk. paper)
020 _z9780292716551 (pbk. : alk. paper)
020 _z0292716559 (pbk. : alk. paper)
040 _aCaPaEBR
_cCaPaEBR
035 _a(OCoLC)646761202
043 _an-us-tx
050 1 4 _aQH105.T4
_bK63 2007eb
082 0 4 _a508.764/93
_222
100 1 _aKoch, Peter,
_d1904-1986.
245 1 0 _aExploring the Big Bend Country
_h[electronic resource] /
_cPeter Koch and June Cooper Price.
250 _a1st ed.
260 _aAustin :
_bUniversity of Texas Press,
_c2007.
300 _axii, 175 p. :
_bill., maps.
504 _aIncludes bibliographical references (p. [165]-167) and index.
533 _aElectronic reproduction.
_bPalo Alto, Calif. :
_cebrary,
_d2013.
_nAvailable via World Wide Web.
_nAccess may be limited to ebrary affiliated libraries.
650 0 _aNatural history
_zTexas
_zBig Bend Region.
651 0 _aBig Bend Region (Tex.)
655 7 _aElectronic books.
_2local
700 1 _aPrice, June Cooper,
_d1933-
710 2 _aebrary, Inc.
856 4 0 _uhttp://site.ebrary.com/lib/rucke/Doc?id=10245750
_zAn electronic book accessible through the World Wide Web; click to view
999 _c36079
_d36079